| 000 | 00636nam a22002057a 4500 | ||
|---|---|---|---|
| 003 | OSt | ||
| 005 | 20131115121801.0 | ||
| 008 | 130509s1997 sp ||||| |||| 00| 0 cat d | ||
| 020 | _a8429743235 | ||
| 040 | _cCDMR | ||
| 100 | 1 |
_92615 _aBourdieu, Pierre |
|
| 245 | 1 | 0 |
_aSobre la televisión _cPierre Bordieu ; traducció de Xavier Dilla |
| 260 |
_aBarcelona _bEdicions 62 _c1997 |
||
| 300 | _a116 p. | ||
| 490 | 0 |
_aLlibres a l'abast _v309 |
|
| 650 | 0 | 4 |
_91190 _aTelevisió _xAspectes socials |
| 650 | 0 | 4 |
_93360 _aMitjans de comunicació de massa _xPúblic |
| 650 | 0 | 4 |
_93243 _aMitjans de comunicació de massa _xManipulació |
| 942 |
_2udc _cMON |
||
| 999 |
_c6210 _d6210 |
||